Les variations de l'aide contrainte en protection de l'enfance (notice n° 1642433)
[ vue normale ]
| 000 -LEADER | |
|---|---|
| fixed length control field | 01335cam a2200217 4500500 |
| 005 - DATE AND TIME OF LATEST TRANSACTION | |
| control field | 20260201132417.0 |
| 041 ## - LANGUAGE CODE | |
| Language code of text/sound track or separate title | fre |
| 042 ## - AUTHENTICATION CODE | |
| Authentication code | dc |
| 100 10 - MAIN ENTRY--PERSONAL NAME | |
| Personal name | Becquemin, Michèle |
| Relator term | author |
| 245 00 - TITLE STATEMENT | |
| Title | Les variations de l'aide contrainte en protection de l'enfance |
| 260 ## - PUBLICATION, DISTRIBUTION, ETC. | |
| Date of publication, distribution, etc. | 2013.<br/> |
| 500 ## - GENERAL NOTE | |
| General note | 48 |
| 520 ## - SUMMARY, ETC. | |
| Summary, etc. | L’« aide contrainte » est inhérente aux formes de régulation des problèmes posés par des publics considérés hors normes, entre protection collective et sécurité des personnes. Dans le domaine de la protection de l’enfance, et depuis la Révolution française, l’aide aux enfants et aux familles varie en fonction des préoccupations dominantes durant les périodes considérées et selon des rapports de force à la fois politiques et institutionnels. L’éclairage apporté dans cet article met en relief les recompositions historiques de l’« aide » et de la « contrainte », pris comme pôles opposables d’un même concept. |
| 690 ## - LOCAL SUBJECT ADDED ENTRY--TOPICAL TERM (OCLC, RLIN) | |
| Topical term or geographic name as entry element | aide contrainte |
| 690 ## - LOCAL SUBJECT ADDED ENTRY--TOPICAL TERM (OCLC, RLIN) | |
| Topical term or geographic name as entry element | associations de Sauvegarde de l'enfance et de l'adolescence |
| 690 ## - LOCAL SUBJECT ADDED ENTRY--TOPICAL TERM (OCLC, RLIN) | |
| Topical term or geographic name as entry element | contrat social |
| 690 ## - LOCAL SUBJECT ADDED ENTRY--TOPICAL TERM (OCLC, RLIN) | |
| Topical term or geographic name as entry element | parentalité |
| 690 ## - LOCAL SUBJECT ADDED ENTRY--TOPICAL TERM (OCLC, RLIN) | |
| Topical term or geographic name as entry element | sécurité civile |
| 786 0# - DATA SOURCE ENTRY | |
| Note | Empan | 89 | 1 | 2013-04-01 | p. 26-31 | 1152-3336 |
| 856 41 - ELECTRONIC LOCATION AND ACCESS | |
| Uniform Resource Identifier | <a href="https://shs.cairn.info/revue-empan-2013-1-page-26?lang=fr&redirect-ssocas=7080">https://shs.cairn.info/revue-empan-2013-1-page-26?lang=fr&redirect-ssocas=7080</a> |
Pas d'exemplaire disponible.




Réseaux sociaux